SZA complete the song title - Statistics

General Stats
  • This quiz has been taken 21 times
  • The average score is 15 of 25
Answer Stats
Hint Answer % Correct
SOS (2022) Kill {Bill}
95%
SOS (2022) {Open} arms
95%
SOS (2022) Notice {Me}
85%
Black Panther (soundtrack; 2018) All the {stars}
80%
SOS (2022) {Ghost} in the machine
80%
SOS (2022) I {hate} U
80%
SOS (2022) Seek & {Destroy}
80%
Ctrl (2017) {Doves} in the wind
75%
Ctrl (2017) Love {Galore}
75%
Ctrl (2017) {Pretty} {little} birds
75%
SOS (2022) Smoking on my {ex} pack
75%
Lana (2024) Scorsese {baby} {Daddy}
70%
Ctrl (2017) Super{model}
70%
Z (2014) Childs {play}
65%
Lana (2024) {Diamond} boy (DTM)
65%
Lana (2024) {Cry}Baby
60%
Lana (2024) No more {hiding}
55%
Ctrl (2017) Tread {Carefully}
55%
Lana (2024) Take {You} down
50%
Z (2014) Sweet {November}
45%
Z (2014) Warm {winds}
30%
S (2013) Ice.{Moon}
15%
S (2013) {Terror}.Dome
15%
See.SZA.Run (2012) Time {travel} undone
15%
See.SZA.Run (2012) Once upon a {high}
10%
No matching quizzes found
Score Distribution
Percent of People with Each Score
Percentile by Number Answered
Your Score History
You have not taken this quiz